Inni nazionali di tutto il mondo (Record n. 99995)

Dettagli MARC
000 -LEADER
fixed length control field 04391njm a2200601Ia 4500
001 - CONTROL NUMBER
control field 23826
003 - CONTROL NUMBER IDENTIFIER
control field IT-RoPAU
005 - DATE AND TIME OF LATEST TRANSACTION
control field 20220918181124.0
008 - FIXED-LENGTH DATA ELEMENTS--GENERAL INFORMATION
fixed length control field 131025s9999 xx 000 0 und d
040 ## - CATALOGING SOURCE
Original cataloging agency IT-RoPAU
040 ## - CATALOGING SOURCE
Transcribing agency IT-RoPAU
999 ## - SYSTEM CONTROL NUMBERS (KOHA)
Koha Dewey Subclass [OBSOLETE] n.d.
100 ## - MAIN ENTRY--PERSONAL NAME
Personal name AA.VV.
9 (RLIN) 794
100 ## - MAIN ENTRY--PERSONAL NAME
Relator term Autore musica
9 (RLIN) 6319
100 ## - MAIN ENTRY--PERSONAL NAME
Miscellaneous information Codice autore musica SPICS: 12000
9 (RLIN) 796
245 ## - TITLE STATEMENT
Title Inni nazionali di tutto il mondo
250 ## - EDITION STATEMENT
Edition statement 1a ed.
260 ## - PUBLICATION, DISTRIBUTION, ETC. (IMPRINT)
Place of publication, distribution, etc. MILANO
260 ## - PUBLICATION, DISTRIBUTION, ETC. (IMPRINT)
Name of publisher, distributor, etc. RI - FI RECORD COMPANY
Date of publication, distribution, etc. 1974 [1a Ed.:1974]
300 ## - PHYSICAL DESCRIPTION
Extent DISCO
300 ## - PHYSICAL DESCRIPTION
Dimensions 24 minuti (Testo: pag.)
500 ## - GENERAL NOTE
General note Inni patriottici nazionali di tutto il mondo
505 ## - FORMATTED CONTENTS NOTE
Formatted contents note Inno di Mameli-Italia (2:00) - Inno nazionale spagnolo (2:00) - A Portuguesa (2:00) - Inno nazionale turco (11:00) - Inno nazionale brasiliano (2:00) - La Marseillaise inno nazionale francese (2:00) - Inno nazionale russo (2:00) - Inno della Germania Occidentale (6:00) - Inno nazionale della Repubblica Araba Unita (7:00) - Star Spangled Banner [(Inno nazionale dell'E.E.U.U.) (2:00)] - Inno nazionale svedese (2:00) - Inno nazionale messicano (2:00) - Inno nazionale libanese (8:00) - Inno nazionale olandese (10:00) - Inno nazionale polacco (2:00) - Inno nazionale israeliano (2:00) - Inno nazionale della Germania Orientale (9:00) - Inno nazionale giapponese (2:00) - Inno nazionale argentino (2:00) - God Save the Queen
511 ## - PARTICIPANT OR PERFORMER NOTE
Participant or performer note Banda Militare diretta da Leonelli Rubens
511 ## - PARTICIPANT OR PERFORMER NOTE
Participant or performer note Banda Militare diretta da Urbanec Rudolf
511 ## - PARTICIPANT OR PERFORMER NOTE
Participant or performer note Banda Militare diretta da Sluka Hynek
650 ## - SUBJECT ADDED ENTRY--TOPICAL TERM
Topical term or geographic name as entry element INNI NAZIONALI [DISCHI]
Relator term Codice MATERIA SPICS: 9950
9 (RLIN) 6320
700 ## - ADDED ENTRY--PERSONAL NAME
Personal name Novaro Michele
Dates associated with a name Codice autore musica SPICS: 14205
Relator term Autore musica
Name of part/section of a work Inno di Mameli-Italia
9 (RLIN) 6321
700 ## - ADDED ENTRY--PERSONAL NAME
Personal name Paman José Maria
Dates associated with a name Codice autore musica SPICS: 18072
Relator term Autore musica
Name of part/section of a work Inno nazionale spagnolo
9 (RLIN) 6322
700 ## - ADDED ENTRY--PERSONAL NAME
Personal name Keil Alfred
Dates associated with a name Codice autore musica SPICS: 18073
Relator term Autore musica
Name of part/section of a work A Portuguesa
9 (RLIN) 6323
700 ## - ADDED ENTRY--PERSONAL NAME
Personal name Ungor Zeki
Dates associated with a name Codice autore musica SPICS: 18074
Relator term Autore musica
Name of part/section of a work Inno nazionale turco
9 (RLIN) 6324
700 ## - ADDED ENTRY--PERSONAL NAME
Personal name Duque Estrada O.
Dates associated with a name Codice autore musica SPICS: 18075
Relator term Autore musica
Name of part/section of a work Inno nazionale brasiliano
9 (RLIN) 6325
700 ## - ADDED ENTRY--PERSONAL NAME
Personal name Da Silva F.M.
Dates associated with a name Codice autore SPICS: 18076
Relator term Autore musica
Name of part/section of a work Inno nazionale brasiliano
9 (RLIN) 6326
700 ## - ADDED ENTRY--PERSONAL NAME
Personal name Rouget De Lisle Claude-Joseph
Dates associated with a name Codice autore musica SPICS: 18077
Relator term Autore musica
Name of part/section of a work La Marseillaise inno nazionale francese
9 (RLIN) 6327
700 ## - ADDED ENTRY--PERSONAL NAME
Personal name Alexandrov A.V.
Dates associated with a name Codice autore musica SPICS: 18078
Relator term Autore musica
Name of part/section of a work Inno nazionale russo
9 (RLIN) 6328
700 ## - ADDED ENTRY--PERSONAL NAME
Personal name Haydn Franz Joseph
Dates associated with a name Codice autore musica SPICS: 5572
Relator term Autore musica
Name of part/section of a work Inno della Germania Occidentale
9 (RLIN) 6329
700 ## - ADDED ENTRY--PERSONAL NAME
Personal name Tawil Kamal El
Dates associated with a name Codice autore musica SPICS: 18079
Relator term Autore musica
Name of part/section of a work Inno nazionale della Repubblica Araba Unita
9 (RLIN) 6330
700 ## - ADDED ENTRY--PERSONAL NAME
Personal name Scott Key F.
Dates associated with a name Codice autore musica SPICS: 18080
Relator term Autore musica
Name of part/section of a work Star Spangled Banner (Inno nazionale dell'E.E.U.U.)
9 (RLIN) 6331
700 ## - ADDED ENTRY--PERSONAL NAME
Personal name Kallstenius E.
Dates associated with a name Codice autore musica SPICS: 18081
Relator term Autore musica
Name of part/section of a work Inno nazionale svedese
9 (RLIN) 6332
700 ## - ADDED ENTRY--PERSONAL NAME
Personal name Nuno J.
Dates associated with a name Codice autore musica SPICS: 18082
Relator term Autore musica
Name of part/section of a work Inno nazionale messicano
9 (RLIN) 6333
700 ## - ADDED ENTRY--PERSONAL NAME
Personal name Bocanegra F.G.
Dates associated with a name Codice autore SPICS: 18083
Relator term Autore musica
Name of part/section of a work Inno nazionale messicano
9 (RLIN) 6334
700 ## - ADDED ENTRY--PERSONAL NAME
Personal name Naklé R.
Dates associated with a name Codice autore musica SPICS: 18084
Relator term Autore musica
Name of part/section of a work Inno nazionale libanese
9 (RLIN) 6335
700 ## - ADDED ENTRY--PERSONAL NAME
Personal name Sabra W.
Dates associated with a name Codice autore SPICS: 18090
Relator term Autore musica
Name of part/section of a work Inno nazionale libanese
9 (RLIN) 6336
700 ## - ADDED ENTRY--PERSONAL NAME
Personal name Schramm Wilbur
Dates associated with a name Codice autore musica SPICS: 1451
Relator term Autore musica
Name of part/section of a work Inno nazionale olandese
9 (RLIN) 6337
700 ## - ADDED ENTRY--PERSONAL NAME
Personal name Anonimo
Dates associated with a name Codice autore musica SPICS: 2620
Relator term Autore musica
Name of part/section of a work Inno nazionale polacco - God Save the Queen
9 (RLIN) 6338
700 ## - ADDED ENTRY--PERSONAL NAME
Personal name Hertz Humber N.
Dates associated with a name Codice autore musica SPICS: 18085
Relator term Autore musica
Name of part/section of a work Inno nazionale israeliano
9 (RLIN) 6339
700 ## - ADDED ENTRY--PERSONAL NAME
Personal name Eisler Hanns
Dates associated with a name Codice autore musica SPICS: 6985
Relator term Autore musica
Name of part/section of a work Inno nazionale della Germania Orientale
9 (RLIN) 6340
700 ## - ADDED ENTRY--PERSONAL NAME
Personal name Haiasce Hiromore
Dates associated with a name Codice autore musica SPICS: 18086
Relator term Autore musica
Name of part/section of a work Inno nazionale giapponese
9 (RLIN) 6341
700 ## - ADDED ENTRY--PERSONAL NAME
Personal name Lopes V.
Dates associated with a name Codice autore musica SPICS: 18087
Relator term Autore musica
Name of part/section of a work Inno nazionale argentino
9 (RLIN) 6342
700 ## - ADDED ENTRY--PERSONAL NAME
Personal name Planes F.
Dates associated with a name Codice autore SPICS: 18088
Relator term Autore musica
Name of part/section of a work Inno nazionale argentino
9 (RLIN) 6343
700 ## - ADDED ENTRY--PERSONAL NAME
Personal name Parera B.
Dates associated with a name Codice autore testo/musica SPICS: 18089
Relator term Autore musica
Name of part/section of a work Inno nazionale argentino
9 (RLIN) 6344
942 ## - ADDED ENTRY ELEMENTS (KOHA)
Koha item type DISCHI
Source of classification or shelving scheme Dewey Decimal Classification
Dati di copia
Withdrawn status Lost status Damaged status Not for loan Home library Current library Date acquired Total Checkouts Full call number Date last seen Price effective from Koha item type Public note
    Buone Condizioni Not For Loan SPICS-MEDIATECA SPICS-MEDIATECA 25/10/2013   23826 25/10/2013 25/10/2013 DISCHI Progr. Ins.: 4673 / N.Vol.: 1 / Copie: 1 - Copia rara: n.d. / date import: 01.01.2014 - By Epidotti, Trombetti, Vaglietti
CREDITS: SOCIETA' SAN PAOLO Via A.Severo, 58 - ROMA (RM) & PERIODICI SAN PAOLO SRL Via Giotto, 36 MILANO & CISF Via Giotto, 36 MILANO & EDIZIONI SAN PAOLO SRL,  Piazza Soncino, 5 CINISELLO BALSAMO (MI) -- ITALY